MDQL
is popping MORE tags! Check the
thread
!
Quizzes
Events
Quiz Creation
Community
Videos
Private Events
Remove Ads
Sign In
Join for FREE
Feedback
Dark Mode
Quiz Categories
Sports
Geography
Music
Movies
Television
Just For Fun
Miscellaneous
History
Literature
Language
Science
Gaming
Entertainment
Religion
Holiday
For Kids
Quiz Lab
Recent
Popular Today
Quiz Kudos Today
Editor Picks
Curator Picks
Quizzes by...
Day
Popularity
Type
Ratings
Length
Year
Community
Subscriptions
Recent Discussions
Orange Saloon
Badges
Playlists
Quests
Create
Leaderboards
Showdown
Live 5
Trivia Bingo
Activity
Puzzle Library
Sporcle Events
Private Events
Virtual Trivia
Globe League
Become a Host
Pub Owners
SporcleCon
Opinionation
Our Games
Videos
Blog
Mobile Apps
Partnerships
Remove Ads and Go Orange
Feedback
Miscellaneous
Crossword
General Knowledge
Baby Names
Logo
Food
Cars
Numbers
Grab Bag
University
College
Popular
Company
Slogans
Restaurants
Justice
Letter
Miscellaneous
Crossword
General Knowledge
Baby Names
Logo
Food
Cars
Numbers
Grab Bag
University
College
Popular
Company
Slogans
Restaurants
Justice
Letter
Random Quiz
Search Sporcle
×
Quiz Lab
Quiz Lab
Miscellaneous
car
Type in answers that appear in a list
Type in answers that appear in a list
Classic
Best Score? Go Orange.
US Car Models 2020 Stats
Can you name the US car and light truck models of 2020?
By
codhollandaise
25m
299 Questions
465 Plays
465 Plays
465 Plays
Comments
Comments
Give Quiz Kudos
Give Quiz Kudos
-
- Ratings
hide this ad
Replay
Link that replays current quiz
Next Quiz
Link to next quiz in quiz playlist
You Got
0%
They Got
Avg Score
79%
Avg Friend Score
Upgrade to see
Score Distribution
Jump to the score distribution portion of the page
Score
0/299
Timer
25:00
0
Plays Today
Make
Model
% Correct
Tesla
Model S
98.3%
Mercedes-
Benz
A-Class
98.1%
Mercedes-
Benz
S-Class
98.1%
Mercedes-
Benz
C-Class
97.4%
Mercedes-
Benz
G-Class
97%
BMW
4 Series
96.8%
BMW
5 Series
96.8%
Mercedes-
Benz
E-Class
96.8%
BMW
2 Series
96.6%
BMW
3 Series
96.3%
Mazda
3
96.1%
Tesla
Model 3
96.1%
BMW
6 Series
95.7%
BMW
7 Series
95.5%
Mazda
6
95.5%
BMW
8 Series
95.3%
Tesla
Model X
95%
Audi
A4
92.5%
Audi
A5
92.2%
Audi
A6
92.2%
Audi
A7
92.2%
Audi
A8
91.6%
Audi
A3
91.4%
Lexus
ES
91.2%
Nissan
370Z
91.2%
Audi
Q5
90.5%
Bentley
Continental
90.1%
Lincoln
Continental
90.1%
Ford
F-150
89.9%
Audi
Q7
89.7%
Audi
TT
89.4%
BMW
X5
89.4%
Audi
Q3
89.2%
BMW
X3
89.2%
BMW
X6
89.2%
Audi
R8
89%
BMW
X4
89%
BMW
X7
89%
Acura
NSX
88.8%
Cadillac
Escalade ESV
88.8%
Dodge
Charger
88.8%
Honda
Accord
88.8%
Audi
Q8
88.1%
Honda
Civic
87.9%
Dodge
Challenger
87.7%
Ford
GT
87.7%
Ford
Mustang
87.7%
Mercedes-
AMG
GT
87.7%
BMW
i8
87.5%
BMW
i3
87.3%
Chevrolet
Camaro
87.3%
Alfa Romeo
Giulia
86.9%
BMW
X1
86.9%
Chevrolet
Silverado
86.6%
Chevrolet
Tahoe
86.4%
Chrysler
300
86.4%
Chevrolet
Corvette
86.2%
Acura
TLX
86%
Alfa Romeo
Stelvio
86%
Ford
Ranger
86%
Acura
MDX
85.6%
Acura
RDX
85.6%
Dodge
Durango
85.6%
Aston Martin
Vantage
85.5%
Chevrolet
Malibu
85.3%
Alfa Romeo
4C Spider
85.1%
Buick
Enclave
85.1%
Ford
Explorer
85.1%
BMW
Z4
84.9%
Chevrolet
Impala
84.9%
Honda
CR-V
84.9%
Jeep
Wrangler
84.9%
Aston Martin
DB11
84.8%
Ford
Fusion
84.7%
Bentley
Bentayga
84.5%
Chevrolet
Suburban
84.5%
Ford
Escape
84.5%
Mercedes-
Benz
CLA
84.5%
GMC
Sierra
84.3%
Jeep
Cherokee
84.3%
Mercedes-
Benz
GLA
84.1%
Acura
ILX
83.8%
Buick
Encore
83.8%
GMC
Yukon
83.8%
Jeep
Grand Cherokee
83.8%
Dodge
Grand Caravan
83.4%
Mazda
MX-5 Miata
83.4%
Cadillac
XT4
83.2%
Honda
Pilot
83.2%
Audi
e-tron
83%
Chevrolet
Colorado
83%
Chrysler
Pacifica
83%
Ford
Expedition
83%
Hyundai
Elantra
83%
Bentley
Flying Spur
82.8%
Cadillac
CT5
82.8%
Cadillac
XT5
82.8%
Nissan
Altima
82.8%
Bentley
Mulsanne
82.5%
Cadillac
CT6
82.5%
Make
Model
% Correct
Cadillac
XT6
82.5%
Mini
Hatch
82.5%
Fiat
500X
82.3%
Porsche
911
82.3%
Aston Martin
DBS Superleggera
82.2%
Lamborghini
Aventador
82.1%
Cadillac
CT4
81.9%
Ford
Edge
81.9%
Honda
Ridgeline
81.9%
Lexus
LS
81.9%
Lexus
RX
81.9%
Buick
Regal
81.7%
Genesis
G70
81.7%
Genesis
G80
81.7%
Genesis
G90
81.7%
Hyundai
Sonata
81.7%
Lincoln
Navigator
81.7%
Acura
RLX
81.5%
Chevrolet
Bolt
81.5%
Jeep
Compass
81.5%
Ram
1500
81.5%
Chevrolet
Spark
81.3%
Fiat
500L
81.3%
Mercedes-
Benz
SL
81.3%
Lexus
LX
81%
Mazda
CX-5
81%
Buick
Envision
80.8%
Dodge
Journey
80.8%
Honda
Fit
80.8%
Chevrolet
Equinox
80.6%
GMC
Acadia
80.6%
Hyundai
Santa Fe
80.6%
Ford
Transit
80.4%
Hyundai
Accent
80.4%
Infiniti
QX50
80.4%
Mazda
CX-3
80.4%
Ram
2500-3500
80.4%
Chevrolet
Traverse
80.2%
Chevrolet
Trax
80.2%
Honda
HR-V
80.2%
Chevrolet
Blazer
80%
Fiat
124 Spider
80%
Honda
Odyssey
80%
Infiniti
QX60
80%
Jaguar
F-Type
80%
Lamborghini
Huracán
80%
Infiniti
Q50
79.7%
Porsche
718
79.7%
Porsche
Cayenne
79.7%
Aston Martin
DBX
79.7%
Infiniti
Q60
79.5%
Lexus
IS
79.5%
Infiniti
QX80
79.3%
Jeep
Renegade
79.3%
Kia
Rio
79.3%
Mercedes-
Benz
GLC
79.3%
Honda
Insight
79.1%
Jaguar
F-Pace
79.1%
Toyota
Camry
79.1%
Hyundai
Tucson
78.9%
Lexus
GS
78.9%
Mazda
CX-9
78.9%
Nissan
Maxima
78.9%
Toyota
Corolla
78.9%
Chevrolet
Sonic
78.7%
Ford
Super Duty
78.7%
GMC
Canyon
78.7%
Mercedes-
Benz
GLE
78.7%
Infiniti
QX30
78.4%
Kia
Forte
78.4%
Kia
Sorento
78.4%
Mitsubishi
Outlander
78.4%
Lexus
GX
78.2%
Ford
EcoSport
78%
Mercedes-
Benz
CLS
78%
Chevrolet
Express
77.8%
Ford
Transit Connect
77.8%
Jaguar
XF
77.8%
Kia
Sportage
77.8%
Nissan
Rogue
77.8%
Jeep
Gladiator
77.6%
Kia
Optima
77.6%
Kia
Soul
77.6%
Lexus
RC
77.6%
Mini
Countryman
77.6%
Jaguar
E-Pace
77.4%
Lexus
LC
77.4%
Lexus
NX
77.4%
Maserati
Ghibli
77.4%
GMC
Terrain
77.2%
Jaguar
I-Pace
77.2%
Mini
Clubman
77.2%
Porsche
Macan
77.2%
Hyundai
Veloster
76.9%
Kia
Telluride
76.9%
Nissan
GT-R
76.9%
Rolls Royce
Phantom
76.9%
Lincoln
MKZ
76.7%
Nissan
Sentra
76.7%
Porsche
Panamera
76.7%
Make
Model
% Correct
Honda
Passport
76.5%
Jaguar
XE
76.5%
Mercedes-
Benz
GLS
76.5%
Nissan
Pathfinder
76.5%
Subaru
Impreza
76.3%
Subaru
Outback
76.3%
Subaru
Forester
76.1%
Honda
Clarity
75.6%
Kia
Stinger
75.4%
Mazda
CX-30
75.4%
Mitsubishi
Eclipse Cross
75.4%
Mercedes-
Benz
SLC
75.2%
Mitsubishi
Mirage
75.2%
Nissan
Armada
75.2%
Nissan
Titan
75.2%
Rolls Royce
Ghost
75.2%
Rover
Range Rover
75.2%
Toyota
Avalon
75.2%
Mercedes-
Benz
GLB
75.2%
Lamborghini
Urus
75%
Lincoln
Aviator
75%
Toyota
Tundra
75%
Hyundai
Kona
74.8%
Toyota
Tacoma
74.8%
Kia
K900
74.6%
Lexus
UX
74.6%
Maserati
Quattroporte
74.4%
Nissan
Versa
74.4%
Nissan
Leaf
73.9%
Toyota
RAV4
73.9%
Volkswagen
Jetta
73.9%
Maserati
Levante
73.7%
Subaru
Legacy
73.7%
Toyota
Prius
73.7%
Hyundai
Ioniq
73.1%
Mercedes-
Benz
Sprinter
73.1%
Porsche
Taycan
73.1%
Volkswagen
Golf
73.1%
Mini
Cabrio
72.8%
Lincoln
Nautilus
72.6%
Rover
Land Rover Discovery
72.6%
Ferrari
812 Superfast
72.4%
Rover
Range Rover Evoque
72.4%
Nissan
Frontier
72.2%
Toyota
Highlander
72.2%
Volkswagen
Passat
72.2%
Hyundai
Palisade
72%
Nissan
Murano
72%
Rolls Royce
Cullinan
72%
Kia
Sedona
71.8%
Subaru
Crosstrek
71.8%
Toyota
Yaris
71.8%
Volkswagen
Tiguan
71.8%
Rolls Royce
Wraith
71.3%
Subaru
BRZ
71.3%
Kia
Niro
71.1%
Toyota
4Runner
71.1%
Toyota
86
71.1%
Ferrari
F8 Tributo
71%
GMC
Savana
70.9%
Lincoln
Corsair
70.9%
Subaru
WRX
70.9%
Mitsubishi
Outlander Sport
70.8%
Nissan
NV
70.7%
Ram
Promaster
70.7%
Toyota
Sienna
70.7%
Volvo
XC40
70.5%
Volvo
XC60
70.5%
Volvo
XC90
70.5%
Subaru
Ascent
70.3%
Volkswagen
Atlas
70.3%
Mercedes-
Benz
Metris
70%
Volvo
S60
69.6%
Volvo
V60
69.6%
Ram
Promaster City
69.4%
Toyota
Land Cruiser
69.2%
Toyota
Sequoia
69.2%
Rover
Land Rover Discovery Sport
69%
Rover
Range Rover Sport
69%
Toyota
C-HR
69%
Volvo
S90
69%
Kia
Cadenza
68.8%
Volvo
V90
68.8%
Ferrari
Portofino
68.5%
Hyundai
Nexo
68.5%
Nissan
Kicks
68.5%
Rolls Royce
Dawn
68.5%
Rover
Range Rover Velar
68.5%
Volkswagen
Arteon
68.5%
Karma
Revero
68.3%
Nissan
NV200
67.9%
Rover
Land Rover Defender
67.2%
Nissan
Rogue Sport
66.8%
Toyota
Supra
66.2%
Ferrari
GTC4Lusso
65.3%
Hyundai
Venue
64.7%
Ferrari
SF90 Stradale
59.5%
Mercedes-
Benz
EQC
57.5%
Ferrari
Roma
48.9%
Quiz Playlist
Details
Report
Send in Message
Add To Playlist
Classic:
Type in answers that appear in a list
Last Updated: Jan 20, 2023
Quiz Scoreboard
CHALLENGE
Sign Up to Join the Scoreboard
Show All
Scores
Hide
Comments
May contain spoilers
Recently Published
1-10 Letter E Words III
by El_Dandy
Language
2m
Street Fighter Characters
by Artimus82
Gaming
60s
College Basketball Coaching Resumes
by pancakes188
Sports
9m
More to Explore
Quiz From the Vault
Featured Blog Post
Where Did the Easter Bunny Come From?
hide this ad
You Might Also Like...
Tags
2020
car
light
model
truck
Today's Top Quizzes in Miscellaneous
Browse Miscellaneous
hide this ad
Today's Top Quizzes in car
Browse car
Top Contributed Quizzes in Miscellaneous
1
5-to-1: Fast Food
2
The JOE quick-fire general knowledge quiz: Day 174
3
The JOE quick-fire general knowledge quiz: Day 173
4
5-to-1: Cocktails
5
The JOE quick-fire general knowledge quiz: Day 172
6
9x9 Crossword: Disney Movie Titles
7
9x9 Crossword: Charlie and the Chocolate Factory
8
Sunday Crossword: Famous Bodies of Water
9
9x9 Crossword: Flags
10
The JOE quick-fire general knowledge quiz: Day 171
Explore More
Trending Topics
Anime
Marvel
Harry Potter
NBA
Crossword
Kpop
Disney
Puzzle
WWE
Pokémon
NFL
Song
The Office
Country
Soccer
hide this ad
More By:
codhollandaise
Quiz
Plays
Rating
Category
Featured
Created
Southern California in TV
9,127
4.50
Television
Sep 1, 2018
TSPDT Quintessential Noirs
1,315
4.75
Movies
May 26, 2015
Illinois in TV
1,304
4.14
Television
Sep 8, 2018
Washington DC in TV
915
4.00
Television
Nov 24, 2018
Colorado in TV
883
4.80
Television
Sep 3, 2018
Go to Creator's Profile
Score Distribution
Quiz Creator Spotlight
codhollandaise
Follow
Send a Message
Quizzes Created
-
Created Quiz Play Count
-
More By This Creator
Popular Quizzes Today
1
Find the US States - No Outlines Minefield
2
Find the Countries of Europe - No Outlines Minefield
3
The Countries of the World
4
Find the US States
5
Risky Map Clicking: Biggest States A-Z
6
US States
7
Popular People in 1961
8
Movies - When Are They Set?
More Miscellaneous Quizzes
4x4x4 Blitz: Miscellaneous
Published
Trending Quizzes
Risky Map Clicking: Least Populous States A-Z
1-10 Letter G Words
Countries of the World: 200 Million BC
1-10 Letter F Words
Risky Map Clicking: Next State Alphabetically
Recently Updated
Largest US Cities 1790-2010
pecheneg
Rides in Walt Disney World
pecheneg
Most Oscar Losses (Acting)
pecheneg
Beyoncé Albums
pecheneg
Leaping Animals
pecheneg
Reality TV Shows (A-Z)
bhenderson79
Rickey Henderson's Hall of Fame Teammates
pecheneg
Champions League XIs: Arsenal
pecheneg
Quick Pick: Celebrities in WWE's Hall of Fame
aduchscher
A-Z Keypad Blitz II
pecheneg
Trending Topics
Harry Potter
Crossword
Anime
NBA
Marvel
Disney
Kpop
Country
Song
NFL
The Office
Soccer
Pokémon
Puzzle
WWE
Your Account Isn't Verified!
In order to create a playlist on Sporcle, you need to verify the email address you used during registration. Go to your
Sporcle Settings
to finish the process.
Report this User
Report this user for behavior that violates our
Community Guidelines
.
Details:
Send Report
Go to the Sporcle.com Mobile Site →
Comments